Patent je rozvoj, ale aj ochrana dokážeme uskutočniť zvrat v našej patentovej politike?

Patentová aktivita nemeckých podnikov stredného stavu. Nemecké podniky stredného stavu majúce vysoký podiel na svetovom trhu. Prihlášky patentov na milión obyvateľov ročne vo vybraných krajinách. Úrad priemyselného vlastníctva SR. Udelené a zapísané predmety právnej ochrany zo SR za roky 1993-97. Vý...

Full description

Saved in:
Bibliographic Details
Main Author: Truchlik, Štefan
Format: Book Chapter
Language:Slovak
Subjects:
Tags: Add Tag
No Tags, Be the first to tag this record!

MARC

LEADER 00000naa a2200000 4500
001 r034272
005 20230824100317.7
041 0 |a slo 
044 |a SK 
245 1 0 |a Patent je rozvoj, ale aj ochrana  |b dokážeme uskutočniť zvrat v našej patentovej politike?  |c Štefan Truchlik 
520 |a Patentová aktivita nemeckých podnikov stredného stavu. Nemecké podniky stredného stavu majúce vysoký podiel na svetovom trhu. Prihlášky patentov na milión obyvateľov ročne vo vybraných krajinách. Úrad priemyselného vlastníctva SR. Udelené a zapísané predmety právnej ochrany zo SR za roky 1993-97. Význam vysokých škôl vo výskume a patentovaní. Podpora patentovej politiky na vysokých školách v USA, SRN, Švajčiarsku a Holandsku. Opatrenia potrebné pre vzrast patentovej politiky SR. 
610 2 0 |a patenty 
610 2 0 |a právo patentové 
610 2 0 |a vlastníctvo duševné 
610 2 0 |a podnikanie malé 
610 2 0 |a podnikanie stredné 
610 2 0 |a trh svetový 
610 2 0 |a školy vysoké 
610 2 0 |a licencie patentové 
610 2 0 |a úrady patentové 
610 2 0 |a Slovensko 
610 2 0 |a Nemecko 
610 2 0 |a USA 
610 2 0 |a Švajčiarsko 
610 2 0 |a Holandsko 
100 1 |a Truchlik, Štefan